000 00478nam a2200181Ia 4500
001 7853
005 20260306160526.0
008 260306t2010||||xx |||||||||||||| ||spa||
041 _aESP
082 _a363.11
_bG63
100 _aGómez Etxebarria, Genaro
_eAUT
245 0 _aManual para la formación en prevención de riesgos laborales:
_bcurso básico
260 _c2010
300 _a664 páginas :
_c24 cm.
650 _aGEN
654 _aCAN
942 _cLIB
_dJUS
_fJUS
_2ddc
_n
999 _c7853
_d7853